| 000 | 00707nam a22002057a 4500 | ||
|---|---|---|---|
| 005 | 20250328082742.0 | ||
| 008 | 250328b |||||||| |||| 00| 0 eng d | ||
| 020 | _a9788868801037 | ||
| 040 | _cAIMIT LIBRARY | ||
| 082 |
_22 _a004.69 _bTAMA |
||
| 100 |
_aAnand Tamboli. _9207124 |
||
| 245 |
_aBuild your own IoT platform : _bdevelop a flexible and scalable internet of things platform / _cBy Anand Tamboli. |
||
| 250 | _a2nd ed. | ||
| 260 |
_aNew York : _bApress ; _c2022. |
||
| 300 |
_axix,215p. ; _bPB _c25 cm. |
||
| 650 |
_aBuilding the critical components _9207125 |
||
| 650 |
_aDocumentation and testing _9207126 |
||
| 650 |
_aUnlimited possibilities _9207127 |
||
| 942 |
_2ddc _cBK _e2nd ed. _k004.69 TAMA |
||
| 999 |
_c234044 _d234044 |
||